000 00421nam a2200169Ia 4500
003 GCL
008 140319s9999 xx 000 0 eng d
040 _aGCL /
_cGCL
082 0 4 _a581.4
_bE P
100 1 _aESAU, KATHERINE
245 1 0 _aPLANT ANATOMY /
_cESAU, KATHERINE
260 _a[S.N] :
_bWILEY EASTERN LIMITED ،
_c1993
300 _a767\P
650 0 4 _aBOTANY
650 0 4 _aBOTANY - ANATOMY
942 _2ddc
_cBK
999 _c20054
_d20054